[Event "NATO-ch 22nd"]
[Site "Kaunas"]
[Date "2011.08.08"]
[Round "1.31"]
[White "Tucker, David Sidney"]
[Black "Dekker, Ard"]
[Result "1/2-1/2"]
[WhiteElo "2096"]
[BlackElo "1889"]
[PlyCount "54"]
[EventDate "2011.08.??"]
[EventType "swiss"]
[EventRounds "7"]
[EventCountry "LTU"]
[WhiteTeam "ENG"]
[BlackTeam "NED"]

1. e4 c6 2. Nc3 d5 3. Nf3 Bg4 4. h3 Bxf3 5. Qxf3 e6 6. d3 Nf6 7. a3 Nbd7 8. g4
h6 9. Bg2 Qc7 10. Be3 O-O-O 11. d4 dxe4 12. Nxe4 Nxe4 13. Qxe4 Nf6 14. Qf3 Nd5
15. O-O Rd7 16. c4 Nf6 17. b4 Be7 18. Rab1 Rhd8 19. b5 c5 20. Bf4 Bd6 21. Bxd6
Qxd6 22. Rfd1 Kb8 23. dxc5 Qxc5 24. Rxd7 Rxd7 25. Rd1 Rxd1+ 26. Qxd1 Kc8 27.
Qd3 Ne8 1/2-1/2

[Event "NATO-ch 22nd"]
[Site "Kaunas"]
[Date "2011.08.08"]
[Round "1.33"]
[White "Csizmadia, Csaba"]
[Black "Picart, Laurent"]
[Result "0-1"]
[WhiteElo "1888"]
[BlackElo "2094"]
[PlyCount "96"]
[EventDate "2011.08.??"]
[EventType "swiss"]
[EventRounds "7"]
[EventCountry "LTU"]
[WhiteTeam "HUN"]
[BlackTeam "FRA"]

1. d4 Nf6 2. c4 e6 3. Nf3 Bb4+ 4. Bd2 Qe7 5. a3 Bxd2+ 6. Nbxd2 d6 7. e4 e5 8.
d5 O-O 9. h3 a5 10. Bd3 Na6 11. O-O Nc5 12. Qc2 a4 13. Rfe1 Bd7 14. Bf1 Nh5 15.
b4 axb3 16. Nxb3 Ba4 17. Nfd2 Nf6 18. f3 Nfd7 19. Qc3 Bxb3 20. Nxb3 Nxb3 21.
Qxb3 Nc5 22. Qe3 Qh4 23. Qf2 Qxf2+ 24. Kxf2 f5 25. exf5 Rxf5 26. Re3 Raf8 27.
g3 g5 28. Be2 h5 29. Kg2 h4 30. Rc1 hxg3 31. Kxg3 Rf4 32. Bd3 R8f6 33. Rc2 b6
34. Rc1 Kg7 35. Rc2 Rd4 36. Be2 Rff4 37. Kg2 Kf6 38. Kg3 Ke7 39. Kg2 Rh4 40.
Kg3 Nd7 41. Ra2 Nf6 42. Bf1 Nh5+ 43. Kh2 Rd1 44. Rf2 Ra1 45. Rc3 Rd4 46. Re3
Rdd1 47. Bg2 Rac1 48. Re4 Nf6 0-1

[Event "NATO-ch 22nd"]
[Site "Kaunas"]
[Date "2011.08.08"]
[Round "1.32"]
[White "Vuitton, Gilles"]
[Black "Voroblievas, Arturas"]
[Result "1/2-1/2"]
[WhiteElo "2094"]
[BlackElo "1857"]
[PlyCount "73"]
[EventDate "2011.08.??"]
[EventType "swiss"]
[EventRounds "7"]
[EventCountry "LTU"]
[WhiteTeam "FRA"]
[BlackTeam "LTU"]

1. e4 e5 2. Nf3 Nc6 3. d4 exd4 4. Bc4 Nf6 5. e5 d5 6. Bb5 Ne4 7. Nxd4 Bc5 8.
Be3 Qh4 9. O-O O-O 10. Nf3 Qd8 11. Bxc5 Nxc5 12. Bxc6 bxc6 13. Nd4 Bd7 14. Nb3
Ne4 15. f3 Ng5 16. Nc3 f5 17. f4 Ne4 18. Qd4 Qe7 19. Nxe4 fxe4 20. Nc5 Bc8 21.
c4 Be6 22. b4 a6 23. a3 g6 24. Rad1 Rfd8 25. Nb7 Rdb8 26. Na5 Qe8 27. c5 Bd7
28. Qc3 Qe7 29. Nb3 Be6 30. Nd4 Qd7 31. Qg3 Rf8 32. h4 Kh8 33. Rb1 Rab8 34. Qb3
Bf5 35. Qa4 e3 36. Qxc6 Qxc6 37. Nxc6 1/2-1/2

[Event "NATO-ch 22nd"]
[Site "Kaunas"]
[Date "2011.08.08"]
[Round "1.34"]
[White "Jackson, Andy"]
[Black "Franck, Boris"]
[Result "0-1"]
[WhiteElo "1840"]
[BlackElo "2090"]
[PlyCount "71"]
[EventDate "2011.08.??"]
[EventType "swiss"]
[EventRounds "7"]
[EventCountry "LTU"]
[WhiteTeam "BEL"]
[BlackTeam "FRA"]

1. e4 g6 2. d4 Bg7 3. Nf3 d6 4. c4 Bg4 5. Be2 Nd7 6. Be3 e5 7. Nc3 Ne7 8. dxe5
dxe5 9. O-O Bxf3 10. Bxf3 O-O 11. Qb3 b6 12. Rad1 Qe8 13. Nb5 Qc8 14. Rd3 Nc5
15. Bxc5 bxc5 16. Rfd1 Nc6 17. Rd5 Nd4 18. Qe3 a6 19. Nc3 Qb7 20. Rxc5 Ne6 21.
Rcd5 Qxb2 22. R5d2 Qb4 23. Be2 Nd4 24. Nd5 Qc5 25. Bf1 Rab8 26. Qc3 c6 27. Ne3
f5 28. exf5 gxf5 29. Nc2 Rbd8 30. Qg3 Rd6 31. Nxd4 exd4 32. Rxd4 f4 33. Qxg7+
Kxg7 34. Rxd6 Re8 35. Rd7+ Kf6 36. Rxh7 0-1

[Event "NATO-ch 22nd"]
[Site "Kaunas"]
[Date "2011.08.08"]
[Round "1.35"]
[White "Wagenaar, Harm Theo"]
[Black "Ivsek, Cveto"]
[Result "1/2-1/2"]
[WhiteElo "2084"]
[BlackElo "1823"]
[PlyCount "85"]
[EventDate "2011.08.??"]
[EventType "swiss"]
[EventRounds "7"]
[EventCountry "LTU"]
[WhiteTeam "NED"]
[BlackTeam "SLO"]

1. d4 d5 2. Nf3 c5 3. e3 e6 4. c3 Nc6 5. Bd3 Nf6 6. Nbd2 Bd6 7. O-O Bd7 8. dxc5
Bxc5 9. e4 Qc7 10. Qe2 Ne5 11. Nxe5 Qxe5 12. Nf3 Qh5 13. e5 Ne4 14. Bxe4 dxe4
15. Qxe4 Bc6 16. Qe2 Rd8 17. Re1 Qg4 18. h3 Bxf3 19. Qxf3 Qxf3 20. gxf3 O-O 21.
Kg2 h6 22. h4 Rd5 23. Bf4 Rfd8 24. Re2 a6 25. Rc1 Be7 26. h5 Kh7 27. Rcc2 Bg5
28. Bg3 Rd1 29. f4 Be7 30. f3 Bc5 31. Bf2 Bxf2 32. Rxf2 Ra1 33. Rfd2 Rxd2+ 34.
Rxd2 Rxa2 35. Kf2 b5 36. Ke3 g6 37. hxg6+ Kxg6 38. Rg2+ Kh7 39. Kd4 Ra4+ 40. b4
Ra3 41. Rc2 Kg6 42. Rg2+ Kh7 43. Rc2 1/2-1/2

[Event "NATO-ch 22nd"]
[Site "Kaunas"]
[Date "2011.08.08"]
[Round "1.37"]
[White "Maciokas, Kostas"]
[Black "Cohnen, Michael"]
[Result "1-0"]
[WhiteElo "2079"]
[BlackElo "1777"]
[PlyCount "85"]
[EventDate "2011.08.??"]
[EventType "swiss"]
[EventRounds "7"]
[EventCountry "LTU"]
[WhiteTeam "LTU"]
[BlackTeam "NATO"]

1. d4 d5 2. c4 c6 3. Nc3 Nf6 4. Nf3 dxc4 5. a4 e6 6. e3 Bb4 7. Bxc4 O-O 8. O-O
Nbd7 9. Qb3 a5 10. Na2 Be7 11. Bd2 Nb6 12. Bd3 Nbd5 13. e4 Nb6 14. h3 c5 15.
Nc3 cxd4 16. Nb5 Nbd7 17. Bf4 Nc5 18. Qc2 Nxd3 19. Qxd3 Ne8 20. Rfd1 f6 21. Qb3
Qb6 22. Nfxd4 Kh8 23. Be3 Bc5 24. Rac1 e5 25. Nf5 Bxe3 26. Nxe3 Be6 27. Qa3 Kg8
28. Nd5 Bxd5 29. Rxd5 Rd8 30. Qd3 Rxd5 31. Qxd5+ Kh8 32. Rc8 h6 33. Qd7 Kh7 34.
Rxe8 Rxe8 35. Qxe8 Qc5 36. Nc3 Qb4 37. Qb5 Qd4 38. Qxb7 Qd2 39. Qb5 Qc1+ 40.
Kh2 Qf4+ 41. Kg1 Qc1+ 42. Qf1 Qxb2 43. Qe1 1-0

[Event "NATO-ch 22nd"]
[Site "Kaunas"]
[Date "2011.08.08"]
[Round "1.38"]
[White "Bellemare, Regis"]
[Black "Berrak, Sedat"]
[Result "0-1"]
[WhiteElo "1736"]
[BlackElo "2078"]
[PlyCount "58"]
[EventDate "2011.08.??"]
[EventType "swiss"]
[EventRounds "7"]
[EventCountry "LTU"]
[WhiteTeam "CAN"]
[BlackTeam "TUR"]

1. g3 d5 2. Bg2 e5 3. e4 dxe4 4. Bxe4 Nf6 5. Bg2 Bc5 6. d3 O-O 7. Ne2 Nc6 8.
Be3 Bxe3 9. fxe3 Ng4 10. Qd2 Qf6 11. Rf1 Qh6 12. e4 Qxh2 13. Bf3 Nd4 14. Bxg4
Bxg4 15. Nxd4 Qxg3+ 16. Qf2 Qxf2+ 17. Rxf2 exd4 18. Nd2 c5 19. Nc4 Be6 20. Ne5
Rae8 21. Nf3 f5 22. Ng5 h6 23. Nxe6 Rxe6 24. Kd2 fxe4 25. Rxf8+ Kxf8 26. Re1
e3+ 27. Ke2 Rf6 28. Rf1 Rxf1 29. Kxf1 h5 0-1

[Event "NATO-ch 22nd"]
[Site "Kaunas"]
[Date "2011.08.08"]
[Round "1.39"]
[White "Ledoux, Jean Luc"]
[Black "Ulusoy, Mustafa"]
[Result "1-0"]
[WhiteElo "2074"]
[BlackElo "1720"]
[PlyCount "91"]
[EventDate "2011.08.??"]
[EventType "swiss"]
[EventRounds "7"]
[EventCountry "LTU"]
[WhiteTeam "FRA"]
[BlackTeam "NATO"]

1. c4 Nf6 2. d4 g6 3. Nc3 Bg7 4. e4 d6 5. g3 O-O 6. Bg2 e5 7. dxe5 dxe5 8. Qxd8
Rxd8 9. Bg5 c6 10. Nf3 h6 11. Be3 Ne8 12. Ke2 Be6 13. b3 b6 14. Rhd1 Na6 15.
Ne1 f6 16. Nc2 Bf8 17. Rxd8 Rxd8 18. Rd1 Rxd1 19. Nxd1 h5 20. Nb2 Nb4 21. Nxb4
Bxb4 22. Kd3 Nc7 23. Kc2 Na6 24. Nd3 Be7 25. Kc3 c5 26. a3 Kf7 27. b4 Ke8 28.
b5 Nc7 29. a4 Bf7 30. f4 Bd6 31. Bh3 a5 32. bxa6 Nxa6 33. Bc8 Nb4 34. Nxb4
cxb4+ 35. Kb3 Kd8 36. Bb7 Kc7 37. Bd5 Bxd5 38. cxd5 exf4 39. gxf4 Kb7 40. h3
Ka6 41. Bd4 Bxf4 42. Bxf6 g5 43. e5 g4 44. hxg4 hxg4 45. e6 Bd6 46. Be5 1-0

[Event "NATO-ch 22nd"]
[Site "Kaunas"]
[Date "2011.08.08"]
[Round "1.40"]
[White "Stone, Stephen"]
[Black "Hernandez, Albertryan"]
[Result "0-1"]
[WhiteElo "1609"]
[BlackElo "2072"]
[PlyCount "70"]
[EventDate "2011.08.??"]
[EventType "swiss"]
[EventRounds "7"]
[EventCountry "LTU"]
[WhiteTeam "CAN"]
[BlackTeam "USA"]

1. e4 e6 2. d4 d5 3. f3 dxe4 4. Bf4 Nf6 5. fxe4 Nxe4 6. Nf3 Bd6 7. Bxd6 Qxd6 8.
Nbd2 Nf6 9. Nc4 Qe7 10. Bd3 Nbd7 11. O-O O-O 12. c3 c5 13. Qc2 b5 14. Ne3 c4
15. Be4 Nxe4 16. Qxe4 Nb6 17. Rae1 Bb7 18. Qe5 Qd7 19. h4 f6 20. Qg3 Na4 21.
Nd1 Rae8 22. h5 a5 23. h6 g6 24. Nh4 Kh8 25. b3 Nb6 26. Ne3 Nd5 27. Ng4 g5 28.
bxc4 gxh4 29. Qxh4 bxc4 30. Nxf6 Nxf6 31. Rxf6 Qe7 32. Rexe6 Qxe6 33. Rxe6 Rxe6
34. Qg4 Rg6 35. Qe2 Rxg2+ 0-1

[Event "NATO-ch 22nd"]
[Site "Kaunas"]
[Date "2011.08.08"]
[Round "1.41"]
[White "Toll, Alec J"]
[Black "Geerts, Luc"]
[Result "1/2-1/2"]
[WhiteElo "2070"]
[BlackElo "1515"]
[PlyCount "38"]
[EventDate "2011.08.??"]
[EventType "swiss"]
[EventRounds "7"]
[EventCountry "LTU"]
[WhiteTeam "ENG"]
[BlackTeam "BEL"]

1. b4 e5 2. Bb2 d6 3. c4 Nc6 4. a3 Nf6 5. e3 Be6 6. Nc3 a6 7. d3 Be7 8. Nf3 O-O
9. Be2 Qd7 10. O-O Ng4 11. b5 axb5 12. Nxb5 f5 13. d4 Na5 14. dxe5 Nxc4 15.
Nfd4 Nxb2 16. Qc2 dxe5 17. Nxe6 Qxe6 18. Qxb2 Qb6 19. Bxg4 fxg4 1/2-1/2

[Event "NATO-ch 22nd"]
[Site "Kaunas"]
[Date "2011.08.08"]
[Round "1.42"]
[White "Landry, Guillaume"]
[Black "Maes, Patrick"]
[Result "0-1"]
[WhiteElo "1274"]
[BlackElo "2068"]
[PlyCount "36"]
[EventDate "2011.08.??"]
[EventType "swiss"]
[EventRounds "7"]
[EventCountry "LTU"]
[WhiteTeam "CAN"]
[BlackTeam "BEL"]

1. g3 g6 2. Bg2 Bg7 3. Nf3 e5 4. e4 Ne7 5. d4 exd4 6. Nxd4 O-O 7. O-O Nbc6 8.
c3 d6 9. Bf4 Bd7 10. Re1 Re8 11. Nxc6 Nxc6 12. Nd2 Qf6 13. Qb3 Rab8 14. Re3 g5
15. Bxg5 Qxg5 16. Rf3 Qxd2 17. Rxf7 Be6 18. Rxg7+ Kxg7 0-1

[Event "NATO-ch 22nd"]
[Site "Kaunas"]
[Date "2011.08.08"]
[Round "1.43"]
[White "Pirs, Matjaz2"]
[Black "Ghiacy, Jelani"]
[Result "1-0"]
[WhiteElo "2066"]
[BlackElo "1154"]
[PlyCount "87"]
[EventDate "2011.08.??"]
[EventType "swiss"]
[EventRounds "7"]
[EventCountry "LTU"]
[WhiteTeam "SLO"]
[BlackTeam "CAN"]

1. e4 e5 2. Nf3 d6 3. d4 Bg4 4. dxe5 Bxf3 5. Qxf3 dxe5 6. Bc4 Qf6 7. Qb3 b6 8.
Nc3 Bc5 9. O-O c6 10. a4 Nd7 11. Kh1 Nh6 12. Nd1 O-O 13. Qh3 Rad8 14. f3 a5 15.
g4 g5 16. Qh5 Qg6 17. Qxg6+ hxg6 18. Bxg5 Rc8 19. Bxh6 Rfe8 20. Be3 Kg7 21.
Bxc5 Nxc5 22. Ne3 Rh8 23. Rf2 Rcd8 24. b3 Rd6 25. Rd1 Rf6 26. g5 Rf4 27. Bd3
Rh5 28. Ng2 Nxd3 29. Rxd3 Rxg5 30. Nxf4 exf4 31. Rd6 Rc5 32. c4 Kf8 33. Rd7 b5
34. cxb5 cxb5 35. Rd5 Rc1+ 36. Kg2 bxa4 37. bxa4 Rc6 38. Rxa5 Ke7 39. Rb5 f6
40. a5 g5 41. Rb7+ Ke6 42. Rb6 Kd7 43. Rxc6 Kxc6 44. Rb2 1-0